| 000 | 00537cam a22001577a 4500 | ||
|---|---|---|---|
| 008 | 180718b2004 xxu||||| |||| 00| 0 eng d | ||
| 100 | _aBayraktar, Nihal | ||
| 245 |
_aForeign bank entry, performance of domestic banks and sequence of financial liberalization _cby Nihal Bayraktar and Yan Wang |
||
| 260 |
_aWashington, D.C. _bWorld Bank _c2004 |
||
| 300 | _a42p. | ||
| 440 | _aPolicy research working paper; no. 3416 | ||
| 650 | _aFinance | ||
| 650 | _aBanks and banking | ||
| 650 | _aBanks and banking, Foreign | ||
| 700 | _aWang, Yan | ||
| 999 |
_c291761 _d291761 |
||